[Event "RUS-chT blitz"]
[Site "Sochi"]
[Date "2016.10.07"]
[Round "3.4"]
[White "Vastrukhin, Oleg"]
[Black "Papenin, Nikolai"]
[Result "0-1"]
[WhiteElo "2392"]
[BlackElo "2334"]
[PlyCount "104"]
[EventDate "2016.10.07"]
[EventType "team-swiss (blitz)"]
[EventRounds "15"]
[EventCountry "RUS"]
[SourceTitle "EXT 2017"]
[Source "ChessBase"]
[SourceDate "2016.10.25"]
[SourceVersion "1"]
[SourceVersionDate "2016.10.25"]
[SourceQuality "1"]
[WhiteTeam "Moscow Spartak"]
[BlackTeam "Krymstar Crimea"]
[WhiteTeamCountry "RUS"]
[BlackTeamCountry "RUS"]

1. Nf3 Nf6 2. g3 g6 3. Bg2 Bg7 4. 0-0 0-0 5. c4 c5 6. Nc3 Nc6 7. d3 d6 8. a3 a6 9. Rb1 Rb8 10. b4 cxb4 11. axb4 b5 12. c5 a5 13. bxa5 b4 14. Na4 Qxa5 15. cxd6 exd6 16. Bd2 Nd5 17. Ng5 Bd7 18. Qb3 Nc3 19. Nb2 Nd4 20. Qc4 Bb5 21. Bxc3 bxc3 22. Qd5 cxb2 23. Rxb2 Nf3+ 24. Bxf3 Bxb2 25. h4 Qd8 26. Ne4 Bg7 27. h5 Qe7 28. Kg2 Rfc8 29. hxg6 hxg6 30. Rh1 Bc6 31. Qa5 Bxe4 32. Bxe4 Qe5 33. Qa7 d5 34. Bf3 Bf6 35. Qd7 Rd8 36. Qh3 Bg7 37. Qg4 Qf5 38. Qa4 Re8 39. Rh4 Rbd8 40. Rf4 Qe6 41. Qa7 Qe7 42. Qa5 Be5 43. Rg4 Kg7 44. Bxd5 Rh8 45. Be4 Rh5 46. Qa6 Qd6 47. Qc4 Rdh8 48. f4 Bf6 49. f5 Rh2+ 50. Kf3 Qd4 51. Qxd4 Bxd4 52. fxg6 Rf2# 0-1

[Event "RUS-chT rapid"]
[Site "Sochi"]
[Date "2016.10.06"]
[Round "7.4"]
[White "Evdokimov, Alexander A"]
[Black "Papenin, Nikolai"]
[Result "1-0"]
[WhiteElo "2495"]
[BlackElo "2334"]
[PlyCount "49"]
[EventDate "2016.10.05"]
[EventType "team-swiss (rapid)"]
[EventRounds "9"]
[EventCountry "RUS"]
[SourceTitle "EXT 2017"]
[Source "ChessBase"]
[SourceDate "2016.10.25"]
[SourceVersion "1"]
[SourceVersionDate "2016.10.25"]
[SourceQuality "1"]
[WhiteTeam "Dasmar Krasnoyarsk Region"]
[BlackTeam "Krymstar Crimea"]
[WhiteTeamCountry "RUS"]
[BlackTeamCountry "RUS"]

1. d4 Nf6 2. c4 c5 3. d5 b5 4. Nf3 Bb7 5. Qc2 Na6 6. a3 Qa5+ 7. Bd2 Nb4 8. Qc1 bxc4 9. Nc3 Na6 10. e4 e6 11. Bxc4 exd5 12. Nxd5 Qd8 13. Nxf6+ Qxf6 14. Ng5 d5 15. Bb5+ Kd8 16. exd5 Bd6 17. 0-0 Nc7 18. Bc6 Rb8 19. Ne4 Bxh2+ 20. Kxh2 Qh4+ 21. Kg1 Qxe4 22. Qxc5 Bxc6 23. dxc6 Qd5 24. Qxa7 Ra8 25. Qb6 1-0